|
|
|
|
| LEADER |
00000nab a2200000 a 4500 |
| 001 |
vtls000128877 |
| 003 |
SK-MaSNL |
| 005 |
20260304064343.0 |
| 008 |
250422c1982 xo 0 slo |
| 015 |
|
|
|a SNBRB19rr/mm-uuuuu
|
| 035 |
|
|
|a CL0138982
|
| 035 |
|
|
|a urn:nbn:sk:snk-ab33hr
|
| 035 |
|
|
|a (urnnbn)urn:nbn:sk:snk:ar-a05so4
|
| 035 |
|
|
|a (uuid)9655cd24-19d6-46b9-bfe7-89f56c4f6e56
|
| 040 |
|
|
|a SNKBUCL
|b slo
|c SNKBUCL
|e AACR2
|
| 041 |
0 |
|
|a eng
|
| 044 |
|
|
|a xo
|c SK
|
| 080 |
|
|
|a 576.8
|2 1981
|
| 080 |
|
|
|a 595
|2 1981
|
| 080 |
|
|
|a 594.3
|2 1981
|
| 100 |
1 |
|
|a Saxena, S.K.
|4 aut
|9 1352020
|
| 245 |
1 |
0 |
|a A gymnocephalous cercaria, Cercaria tandani sp.n. from Melanoides tuberculata (Müller)
|c S. K. Saxena
|
| 300 |
|
|
|b Obr. 2. Res. rus., nem., slov.
|
| 650 |
0 |
7 |
|a cerkárie
|2 snkbucl
|9 19995
|
| 650 |
0 |
7 |
|a Cercaria tandani
|2 snkbucl
|9 1352026
|
| 655 |
|
7 |
|a články z novín a časopisov
|2 snkbucl
|9 267496
|
| 773 |
0 |
|
|t Helminthologia
|g Roč. 19, č. 3 (1982), s. 211-217
|
| 850 |
|
|
|a Slovenská národná knižnica
|
| 852 |
|
|
|a Slovenská národná knižnica
|
| 958 |
|
|
|a article27
|
| 958 |
|
|
|a RK
|
| 958 |
|
|
|a ME
|
| 958 |
|
|
|a OND
|
| 958 |
|
|
|a EUIPO
|
| 992 |
|
|
|a RBX
|
| 999 |
|
|
|c 2746167
|d 2748097
|